Wales all time starting xi - Statistics

General Stats
  • This quiz has been taken 49 times
  • The average score is 6 of 11
Answer Stats
Hint Answer % Correct
FW(2006-2022 Gareth Bale
97%
MF(2008- Aaron Ramsey
92%
FW(1980-1996 Ian Rush
71%
MF(1991-2007) Ryan Giggs
71%
GK(2007-2023 Wayne Hennessey
66%
DF(2012- Ben Davies
58%
DF(2008-2019 Ashley Wiilliams
50%
MF(1990-2004 Gary Speed
39%
FW(1950-1965 John Charles
37%
DF(2007-2022 Chris Gunter
26%
DF(1975-1986 Joey Jones
24%
No matching quizzes found
Score Distribution
Percent of People with Each Score
Percentile by Number Answered
Your Score History
You have not taken this quiz